000 01059nam a2200241 a 4500
008 081211s2006 ||||||||||||||||| || u
020 _a0761929967
050 _aHD 58.7 Org
100 _aPodsakoff, Philip M
245 1 0 _aOrganizational citizenship behavior: its nature, antecedents, and consequences
_cDennis W. Organ; Philip M. Podsakoff; Scott B. MacKenzie
260 _aLondon
_bSAGE Publications
_c2006
300 _a[iii] 350p: ills.
350 _a0.00
650 0 _aPSYCHOLOGY--INDUSTRIAL
650 _aORGANIZATIONAL EFFECTIVENESS
650 0 _aMANAGEMENT
650 _aORGANIZATIONAL BEHAVIOUR
650 0 _aJOB SATISFACTION
700 _aOrgan, Dennis W
700 _aMacKenzie, Scott B
995 _D0.00
_FCBU-MAIN LIBRARY (Kitwe)
_H1
_I0.00
_M2
_UAVAILABLE
_WJan 27, 2009
_ZMain Library Open Access Collection
995 _D0.00
_FCBU-MAIN LIBRARY (Kitwe)
_H1
_I0.00
_M1
_UAVAILABLE
_WJan 27, 2009
_ZMain Library Open Access Collection
999 _c81682
_d81682